| 000 | 00843cam a2200289 i 4500 | ||
|---|---|---|---|
| 999 |
_c200444409 _d62621 |
||
| 001 | 200444409 | ||
| 003 | TR-AnTOB | ||
| 005 | 20220608150642.0 | ||
| 007 | ta | ||
| 008 | 000222s1984 tu 000 0 tur d | ||
| 035 | _a(TR-AnTOB)200444409 | ||
| 040 |
_aBGZ _beng _erda _cBGZ _dTR-AnTOB |
||
| 041 | 0 | _atur | |
| 050 | 4 |
_aG155.A1 _bT871 1984 |
|
| 090 |
_aTOBBK G155.A1 _bT871 1984 |
||
| 245 | 0 | 0 |
_a''Turizm'' nedir? : _bkitap özetleri / _chaz. Mehmet Özdemir. |
| 264 | 1 |
_aİzmir : _bTurizm Bankası, _c1984. |
|
| 300 |
_a264 pages ; _c24 cm |
||
| 336 |
_atext _btxt _2rdacontent |
||
| 337 |
_aunmediated _bn _2rdamedia |
||
| 338 |
_avolume _bnc _2rdacarrier |
||
| 650 | 7 |
_aTurizm _2etuturkob _925516 |
|
| 700 | 1 |
_aÖzdemir, Mehmet _eeditor _9133287 |
|
| 942 |
_2z _cBK |
||